[Event "Calvia op 1st"]
[Site "Calvia"]
[Date "2004.11.05"]
[Round "5"]
[White "Farfan Ortiz, Enrique Alfredo"]
[Black "Kurniawan, Bobby"]
[Result "1-0"]
[WhiteElo "2246"]
[BlackElo "2369"]
[PlyCount "41"]
[EventDate "2004.11.01"]
[EventType "swiss"]
[EventRounds "9"]
[EventCountry "ESP"]
[SourceTitle "EXT 2005"]
[Source "ChessBase"]
[SourceDate "2004.11.15"]
[SourceVersion "1"]
[SourceVersionDate "2004.11.15"]
[SourceQuality "1"]

1. e4 c5 2. Nf3 d6 3. d4 cxd4 4. Nxd4 Nf6 5. Nc3 g6 6. Be3 Bg7 7. f3 Nc6 8. Bc4 0-0 9. Qd2 Bd7 10. 0-0-0 Ne5 11. Bb3 Qa5 12. Kb1 Rfc8 13. h4 b5 14. h5 Nc4 15. Bxc4 bxc4 16. Bh6 Bxh6 17. Qxh6 Rab8 18. Nd5 Nxd5 19. exd5 c3 20. hxg6 Rxb2+ 21. Kc1 1-0

[Event "New York Masters 49th"]
[Site "New York"]
[Date "2003.03.25"]
[Round "1"]
[White "Ehlvest, Jaan"]
[Black "Kurniawan, Bobby"]
[Result "1-0"]
[WhiteElo "2600"]
[BlackElo "2365"]
[PlyCount "75"]
[EventDate "2003.03.25"]
[EventType "swiss (rapid)"]
[EventRounds "4"]
[EventCountry "USA"]
[SourceTitle "EXT 2004"]
[Source "ChessBase"]
[SourceDate "2003.11.25"]
[SourceVersion "1"]
[SourceVersionDate "2003.11.25"]
[SourceQuality "1"]

1. d4 Nf6 2. Nf3 g6 3. c4 Bg7 4. Nc3 0-0 5. Bg5 c5 6. d5 d6 7. Nd2 a6 8. e4 e6 9. a4 exd5 10. cxd5 Nbd7 11. Be2 Re8 12. 0-0 Rb8 13. f3 Qc7 14. Kh1 h5 15. f4 Nh7 16. Bh4 Ndf6 17. e5 Ng4 18. Nc4 dxe5 19. d6 Qd7 20. a5 b5 21. axb6 exf4 22. Rxf4 g5 23. Rxg4 hxg4 24. Bg3 Bd4 25. Nd5 Nf6 26. Qxd4 Nxd5 27. Qxd5 Rxe2 28. Qxg5+ Kf8 29. Qf6 Kg8 30. Be5 Rxe5 31. Nxe5 Qe6 32. Qxe6 Bxe6 33. d7 Bxd7 34. Nxd7 Rb7 35. Rd1 c4 36. Kg1 a5 37. Rd6 Kg7 38. Nc5 1-0

[Event "World Cities"]
[Site "Jakarta "]
[Date "1997.??.??"]
[Round "5"]
[White "Kurniawan, Bobby"]
[Black "Tiviakov, Sergei"]
[Result "0-1"]
[WhiteElo "2410"]
[BlackElo "2590"]
[PlyCount "112"]
[EventDate "1997.07.08"]
[EventType "swiss"]
[EventRounds "10"]
[EventCountry "INA"]
[SourceTitle "CBM 058 Extra"]
[Source "ChessBase"]
[SourceDate "1997.07.29"]
[SourceVersion "1"]
[SourceVersionDate "1997.07.29"]
[SourceQuality "1"]

1. e4 c5 2. Nf3 d6 3. g3 g6 4. Bg2 Bg7 5. 0-0 Nc6 6. d3 e6 7. c3 Nf6 8. Be3 Qe7 9. Re1 0-0 10. h3 h6 11. Nbd2 b6 12. Nf1 Bb7 13. Qd2 Kh7 14. g4 Ne5 15. Nxe5 dxe5 16. c4 Nd7 17. a3 a5 18. Ng3 a4 19. Ne2 Ra6 20. Nc3 Rfa8 21. Reb1 Nb8 22. b4 axb3 23. Rxb3 Bc6 24. Qb2 Nd7 25. a4 Bf6 26. f3 Bg5 27. Bf2 Qd6 28. Rba3 Qc7 29. Nb5 Qd8 30. Bf1 Bf4 31. R3a2 h5 32. Qe2 hxg4 33. hxg4 Kg7 34. Be1 Nf8 35. Bc3 Nh7 36. Bg2 Ng5 37. Kf1 Qd7 38. Ke1 Rd8 39. Ra3 Raa8 40. Bb2 Rh8 41. Kd1 Rh2 42. Kc2 Rah8 43. Kc3 Rxg2 44. Qxg2 Rh2 45. Qxh2 Bxh2 46. Rf1 Bxb5 47. cxb5 Qd4+ 48. Kc2 Qe3 49. Kb1 Nxf3 50. Rxf3 Qxf3 51. a5 c4 52. a6 cxd3 53. a7 Qf1+ 54. Ka2 d2 55. a8Q Qc4+ 56. Rb3 d1Q 0-1

[Event "Pools schev"]
[Site "Singapore"]
[Date "1997.??.??"]
[Round "9"]
[White "Rogers, Ian"]
[Black "Kurniawan, Bobby"]
[Result "1-0"]
[WhiteElo "2600"]
[BlackElo "2405"]
[PlyCount "73"]
[EventDate "1997.05.31"]
[EventType "schev"]
[EventRounds "10"]
[EventCountry "SIN"]
[SourceTitle "CBM 058 Extra"]
[Source "ChessBase"]
[SourceDate "1997.07.29"]
[SourceVersion "1"]
[SourceVersionDate "1997.07.29"]
[SourceQuality "1"]

1. d4 Nf6 2. c4 g6 3. Nc3 Bg7 4. e4 d6 5. Be2 0-0 6. Bg5 c5 7. d5 h6 8. Bf4 b5 9. cxb5 a6 10. Qd2 axb5 11. Bxb5 g5 12. Bg3 Nh5 13. Nge2 Qb6 14. a4 Ba6 15. 0-0 Nxg3 16. Nxg3 e6 17. Nh5 Bd4 18. h4 Kh7 19. hxg5 Rg8 20. Nf6+ Bxf6 21. gxf6 Qd8 22. dxe6 Qxf6 23. exf7 Rg6 24. f4 Ra7 25. e5 Qxf7 26. f5 Rg8 27. e6 Qf6 28. Rf2 Bb7 29. Nd5 Bxd5 30. Qxd5 Rag7 31. Rd1 Rg4 32. Qxd6 Qg5 33. Qd2 Qh4 34. f6 R4g5 35. f7 Rf8 36. e7 Rh5 37. Bd3+ 1-0

[Event "Olympiad-32"]
[Site "Yerevan"]
[Date "1996.09.25"]
[Round "9.4"]
[White "Kasimdzhanov, Rustam"]
[Black "Kurniawan, Bobby"]
[Result "1-0"]
[WhiteElo "2435"]
[BlackElo "2405"]
[PlyCount "81"]
[EventDate "1996.09.15"]
[EventType "team-swiss"]
[EventRounds "14"]
[EventCountry "ARM"]
[SourceTitle "CBM 055"]
[Source "ChessBase"]
[SourceDate "1996.12.01"]
[SourceVersion "1"]
[SourceVersionDate "1996.12.01"]
[SourceQuality "1"]
[WhiteTeam "Uzbekistan"]
[BlackTeam "Indonesia"]
[WhiteTeamCountry "UZB"]
[BlackTeamCountry "INA"]

1. d4 Nf6 2. c4 g6 3. Nc3 Bg7 4. e4 d6 5. Be2 0-0 6. Be3 e5 7. d5 c6 8. Nf3 Ng4 9. Bd2 f5 10. exf5 gxf5 11. Ng5 Nf6 12. Qc2 Na6 13. 0-0 h6 14. Nf3 Nc7 15. dxc6 bxc6 16. c5 e4 17. cxd6 Qxd6 18. Nh4 Nfd5 19. g3 Ne6 20. Bc4 Nd4 21. Qd1 Kh7 22. Bxd5 cxd5 23. Be3 Nc6 24. Qxd5 Qxd5 25. Nxd5 Bxb2 26. Rab1 Rb8 27. Rfd1 Be5 28. Rbc1 Bb7 29. Nf4 Rf7 30. Ne6 Ba8 31. Rd5 Re8 32. Nf4 Nb4 33. Ra5 Nd3 34. Rd1 Bxf4 35. gxf4 Rg8+ 36. Kf1 Rg4 37. Nxf5 Nxf4 38. Rd6 Ng6 39. Nxh6 Rff4 40. Nxg4 Rxg4 41. Rxa7+ 1-0

[Event "Jogyakarta"]
[Site "Jogyakarta"]
[Date "1995.??.??"]
[Round "2"]
[White "Ardiansyah, Haji"]
[Black "Kurniawan, Bobby"]
[Result "1-0"]
[WhiteElo "2410"]
[BlackElo "2330"]
[PlyCount "57"]
[EventDate "1995.??.??"]
[EventType "tourn"]
[EventRounds "13"]
[EventCountry "IND"]
[SourceTitle "EXT 2003"]
[Source "ChessBase"]
[SourceDate "2002.11.25"]
[SourceVersion "1"]
[SourceVersionDate "2002.11.25"]
[SourceQuality "1"]

1. d4 Nf6 2. c4 g6 3. g3 Bg7 4. Bg2 0-0 5. Nc3 d6 6. Nf3 Nbd7 7. 0-0 e5 8. h3 exd4 9. Nxd4 a6 10. b3 Rb8 11. Bb2 Re8 12. e4 c5 13. Nde2 b5 14. cxb5 axb5 15. a4 bxa4 16. Rxa4 Qb6 17. Ba1 Ba6 18. Re1 Bxe2 19. Rxe2 Qxb3 20. Qxd6 Nb6 21. Raa2 Nc4 22. Qxc5 Rec8 23. Qa7 Ne8 24. e5 Nc7 25. Kh2 Bxe5 26. Nd5 Nxd5 27. Bxd5 Bxa1 28. Qxf7+ Kh8 29. Re7 1-0

[Event "Jogyakarta"]
[Site "Jogyakarta"]
[Date "1995.??.??"]
[Round "13"]
[White "Babu, N Sudhakar"]
[Black "Kurniawan, Bobby"]
[Result "0-1"]
[WhiteElo "2350"]
[BlackElo "2330"]
[PlyCount "110"]
[EventDate "1995.??.??"]
[EventType "tourn"]
[EventRounds "13"]
[EventCountry "IND"]
[SourceTitle "EXT 2003"]
[Source "ChessBase"]
[SourceDate "2002.11.25"]
[SourceVersion "1"]
[SourceVersionDate "2002.11.25"]
[SourceQuality "1"]

1. d4 Nf6 2. c4 c5 3. d5 e6 4. Nc3 exd5 5. cxd5 d6 6. e4 a6 7. a4 g6 8. Bg5 h6 9. Be3 Ng4 10. Bf4 Qf6 11. Qd2 g5 12. Bg3 h5 13. h4 Bh6 14. hxg5 Bxg5 15. f4 Bh6 16. Rxh5 Qg6 17. Rh1 Nf6 18. Qe3 Nh5 19. Nge2 Bg4 20. Bf2 Nd7 21. g3 Ne5 22. Bg2 Kf8 23. Rh4 Re8 24. Kf1 Nc4 25. Qc1 f5 26. Qc2 Bg7 27. Re1 Nxg3+ 28. Nxg3 Rxh4 29. Nxf5 Rh2 30. Bg3 Rxg2 31. Kxg2 Bxf5 32. exf5 Rxe1 33. fxg6 Ne3+ 34. Kh3 Nxc2 35. Bxe1 Nxe1 36. Ne4 Ke7 37. Ng3 Kf6 38. f5 Kg5 39. Ne4+ Kxf5 40. Nxd6+ Kxg6 41. Nxb7 Nd3 42. d6 Bxb2 43. d7 Bf6 44. d8Q Bxd8 45. Nxd8 Kf5 46. Kg3 Ke4 47. Nb7 c4 48. Nd6+ Kd5 49. Nf5 c3 50. Kf3 Kc4 51. Ne3+ Kb3 52. Ke4 c2 53. Nxc2 Kxc2 54. Kd4 a5 55. Kc4 Nc1 0-1

[Event "Wch U20"]
[Site "Halle"]
[Date "1995.??.??"]
[Round "7"]
[White "Georgiev, Vladimir"]
[Black "Kurniawan, Bobby"]
[Result "1-0"]
[WhiteElo "2440"]
[BlackElo "2330"]
[PlyCount "87"]
[EventDate "1995.09.??"]
[EventType "swiss"]
[EventRounds "13"]
[EventCountry "GER"]
[SourceTitle "CBM 048 Extra"]
[Source "ChessBase"]
[SourceDate "1995.11.01"]
[SourceVersion "1"]
[SourceVersionDate "1995.11.01"]
[SourceQuality "1"]

1. e4 e5 2. Nf3 Nc6 3. Nc3 Nf6 4. d4 exd4 5. Nxd4 Bb4 6. Nxc6 bxc6 7. Bd3 d5 8. exd5 Qe7+ 9. Qe2 Qxe2+ 10. Kxe2 cxd5 11. Nb5 Kd7 12. Rd1 Ba6 13. a3 Rhe8+ 14. Kf1 Bc5 15. Nc3 Bxd3+ 16. Rxd3 c6 17. Na4 Bd6 18. Be3 Kc7 19. h3 Nd7 20. b3 Nb6 21. Nc3 Re7 22. Rad1 Rae8 23. Ne2 Nc8 24. Nd4 g6 25. Rc3 Be5 26. Rxc6+ Kb7 27. Rc5 Nb6 28. Nc6 Rc7 29. Nxe5 Rxc5 30. Bxc5 Rxe5 31. Bd4 Rh5 32. Re1 Nc8 33. Re3 Rf5 34. g4 Rf4 35. Be5 Re4 36. Rxe4 dxe4 37. Ke2 Kc6 38. Ke3 Kd5 39. Bd4 f5 40. gxf5 gxf5 41. c4+ Kd6 42. b4 a6 43. Kf4 Ke6 44. Bc5 1-0

[Event "Jogyakarta"]
[Site "Jogyakarta"]
[Date "1995.??.??"]
[Round "4"]
[White "Ker, Anthony F"]
[Black "Kurniawan, Bobby"]
[Result "1/2-1/2"]
[WhiteElo "2335"]
[BlackElo "2330"]
[PlyCount "228"]
[EventDate "1995.??.??"]
[EventType "tourn"]
[EventRounds "13"]
[EventCountry "IND"]
[SourceTitle "EXT 2003"]
[Source "ChessBase"]
[SourceDate "2002.11.25"]
[SourceVersion "1"]
[SourceVersionDate "2002.11.25"]
[SourceQuality "1"]

1. d4 Nf6 2. c4 c5 3. d5 e6 4. Nc3 exd5 5. cxd5 d6 6. e4 g6 7. f4 Bg7 8. Bb5+ Nfd7 9. a4 Qh4+ 10. g3 Qe7 11. Nf3 0-0 12. 0-0 Na6 13. Re1 Nb4 14. h3 a6 15. Bf1 Re8 16. Be3 Rb8 17. Qd2 b6 18. Bf2 Bb7 19. Bc4 Qf8 20. Re2 Bc8 21. Rae1 b5 22. axb5 Nb6 23. b3 Bxh3 24. bxa6 Nxc4 25. bxc4 Ra8 26. e5 Bg4 27. Kg2 dxe5 28. fxe5 Rxa6 29. d6 Bh6 30. Be3 Bxf3+ 31. Kxf3 Bxe3 32. Rxe3 f6 33. d7 fxe5+ 34. Kg2 Rd8 35. Rxe5 Rd6 36. Qxd6 Qxd6 37. Re8+ Kg7 38. Rxd8 Nc6 39. Rd1 Qf6 40. Rc8 Qxc3 41. d8Q Nxd8 42. Rdxd8 Qxc4 43. Rc7+ Kh6 44. Rdc8 Qe2+ 45. Kg1 Kg5 46. Rxc5+ Kg4 47. Rc3 Kh3 48. g4+ Kxg4 49. R8c4+ Kh5 50. Rh3+ Kg5 51. Rg3+ Kf5 52. Rc5+ Kf4 53. Rcg5 Qe1+ 54. Kg2 Qd1 55. Kf2 Qd2+ 56. Kf1 Qh2 57. R5g4+ Kf5 58. Rg5+ Kf6 59. R5g4 Qd2 60. Rg2 Qd1+ 61. Kf2 Kf5 62. R4g3 Qd2+ 63. Kg1 Qd1+ 64. Kh2 Kf4 65. Rf2+ Ke4 66. Rfg2 Qh5+ 67. Rh3 Qe5+ 68. Kh1 Qc7 69. Rhg3 Qc1+ 70. Kh2 Qe1 71. Rg4+ Kf5 72. R4g3 Qf1 73. Rg5+ Kf6 74. R5g4 Qd1 75. R4g3 Qh5+ 76. Kg1 Kf5 77. Kf2 Kf4 78. Kg1 Qh4 79. Ra3 Qe1+ 80. Kh2 g5 81. Ra4+ Kf5 82. Rag4 h6 83. R4g3 Qf1 84. Rg1 Qf4 85. Kh3 Qh4+ 86. Kg2 g4 87. Ra1 Qd8 88. Rga3 Qd2+ 89. Kg3 Qf4+ 90. Kg2 Qe4+ 91. Kg3 Qe5+ 92. Kg2 Qe2+ 93. Kg3 h5 94. Ra5+ Ke6 95. Ra6+ Kd7 96. Ra7+ Kc6 97. R7a6+ Kb7 98. R6a3 Qe5+ 99. Kg2 Qd5+ 100. Kg3 Qd6+ 101. Kg2 Qd5+ 102. Kg3 Qd4 103. Kh4 Qf2+ 104. Kxh5 g3 105. Rb3+ Kc6 106. Rbb1 g2 107. Rd1 Qf4 108. Rac1+ Kb5 109. Kg6 Kb4 110. Kh5 Kb3 111. Rg1 Kb2 112. Rce1 Qf3+ 113. Kh4 Kc2 114. Rc1+ Kd2 1/2-1/2

[Event "Wch U20"]
[Site "Halle"]
[Date "1995.??.??"]
[Round "12"]
[White "Kurniawan, Bobby"]
[Black "Hausrath, Daniel"]
[Result "0-1"]
[WhiteElo "2330"]
[BlackElo "2370"]
[PlyCount "58"]
[EventDate "1995.09.??"]
[EventType "swiss"]
[EventRounds "13"]
[EventCountry "GER"]
[SourceTitle "CBM 048 Extra"]
[Source "ChessBase"]
[SourceDate "1995.11.01"]
[SourceVersion "1"]
[SourceVersionDate "1995.11.01"]
[SourceQuality "1"]

1. e4 g6 2. d4 Bg7 3. Nf3 d6 4. Nc3 Nf6 5. Bg5 0-0 6. Qd2 c6 7. Bh6 Qc7 8. Bxg7 Kxg7 9. Be2 e5 10. 0-0 Bg4 11. dxe5 dxe5 12. Nh4 Bxe2 13. Qxe2 Nbd7 14. Rad1 Qb6 15. Rd3 Nc5 16. Rg3 Ne6 17. Qd2 Nh5 18. Rg4 Nhf4 19. g3 h5 20. Nf5+ Kh7 21. Rh4 Ng5 22. Qe3 Qxe3 23. fxe3 Nfh3+ 24. Kg2 gxf5 25. exf5 Rad8 26. Ne4 Nxe4 27. Rxe4 Ng5 28. Rb4 Rd2+ 29. Kh1 e4 0-1

[Event "Jogyakarta"]
[Site "Jogyakarta"]
[Date "1995.??.??"]
[Round "8"]
[White "Kurniawan, Bobby"]
[Black "Sadikin The, Irwanto"]
[Result "1-0"]
[WhiteElo "2330"]
[BlackElo "2445"]
[PlyCount "129"]
[EventDate "1995.??.??"]
[EventType "tourn"]
[EventRounds "13"]
[EventCountry "IND"]
[SourceTitle "EXT 2003"]
[Source "ChessBase"]
[SourceDate "2002.11.25"]
[SourceVersion "1"]
[SourceVersionDate "2002.11.25"]
[SourceQuality "1"]

1. e4 e5 2. Nf3 Nc6 3. Bb5 a6 4. Ba4 Nf6 5. Qe2 b5 6. Bb3 Be7 7. 0-0 0-0 8. c3 d6 9. h3 Na5 10. Bc2 c5 11. d4 Qc7 12. d5 h6 13. Rd1 Re8 14. b3 Bd7 15. Nbd2 Bf8 16. Nf1 c4 17. b4 Nb7 18. Ne3 a5 19. a4 axb4 20. cxb4 bxa4 21. Nxc4 Bb5 22. Bd3 Nxd5 23. exd5 e4 24. Bxe4 f5 25. Nfd2 fxe4 26. Bb2 Nd8 27. Rdc1 Nf7 28. Qg4 Bd7 29. Qg6 Nh8 30. Qg3 Qb8 31. Bd4 Bb5 32. Ne3 Kh7 33. Qf4 Bd7 34. Ng4 Ng6 35. Qxh6+ gxh6 36. Nf6+ Kh8 37. Nxd7+ Kg8 38. Nxb8 Rexb8 39. Rc7 Nf4 40. Nxe4 Nxd5 41. Rd7 Rxb4 42. Nf6+ Nxf6 43. Bxf6 a3 44. Ra2 h5 45. g3 Rb5 46. g4 Ra6 47. Kg2 d5 48. Be5 hxg4 49. hxg4 Rg6 50. Kg3 Re6 51. Kf4 Reb6 52. f3 Rb7 53. Rd8 Kf7 54. Kf5 Be7 55. Ra8 Rb2 56. Ra1 Rb1 57. Rxb1 Rxb1 58. g5 Rb6 59. Ra7 Rb3 60. f4 Ke8 61. Ra8+ Kd7 62. g6 Rg3 63. g7 Bd8 64. Rxa3 Rg2 65. Ra6 1-0

[Event "Wch U20"]
[Site "Halle"]
[Date "1995.??.??"]
[Round "10"]
[White "Kurniawan, Bobby"]
[Black "Sylvan, Jacob"]
[Result "1/2-1/2"]
[WhiteElo "2330"]
[BlackElo "2200"]
[PlyCount "81"]
[EventDate "1995.09.??"]
[EventType "swiss"]
[EventRounds "13"]
[EventCountry "GER"]
[SourceTitle "CBM 048 Extra"]
[Source "ChessBase"]
[SourceDate "1995.11.01"]
[SourceVersion "1"]
[SourceVersionDate "1995.11.01"]
[SourceQuality "1"]

1. e4 e5 2. Nf3 Nc6 3. Bb5 f5 4. d3 fxe4 5. dxe4 Nf6 6. 0-0 d6 7. Nc3 Be7 8. h3 0-0 9. Ng5 Kh8 10. Bc4 Qe8 11. Ne6 Bxe6 12. Bxe6 Nd4 13. Bb3 Qg6 14. Be3 Nxb3 15. axb3 Nxe4 16. Rxa7 Rxa7 17. Bxa7 Nxc3 18. bxc3 b6 19. Qe2 Ra8 20. Ra1 Qe8 21. Qf3 h6 22. Ra4 Qd8 23. Qd5 Bg5 24. g3 Bf6 25. Kh2 Qe8 26. Qb7 b5 27. Ra6 c6 28. Rb6 Rc8 29. Bb8 d5 30. Bc7 Qd7 31. Rxc6 Bd8 32. Rxh6+ Kg8 33. Rd6 Qxc7 34. Qxd5+ Kh8 35. Rd7 Qb6 36. Qf7 Qf6 37. Qe8+ Kh7 38. Qh5+ Kg8 39. Qe8+ Kh7 40. Qh5+ Kg8 41. Qe8+ 1/2-1/2

[Event "Wch U20"]
[Site "Halle"]
[Date "1995.??.??"]
[Round "3"]
[White "Shulman, Yuri"]
[Black "Kurniawan, Bobby"]
[Result "1-0"]
[WhiteElo "2540"]
[BlackElo "2330"]
[PlyCount "115"]
[EventDate "1995.09.??"]
[EventType "swiss"]
[EventRounds "13"]
[EventCountry "GER"]
[SourceTitle "CBM 048 Extra"]
[Source "ChessBase"]
[SourceDate "1995.11.01"]
[SourceVersion "1"]
[SourceVersionDate "1995.11.01"]
[SourceQuality "1"]

1. d4 Nf6 2. c4 c5 3. d5 e6 4. Nc3 exd5 5. cxd5 d6 6. e4 a6 7. a4 g6 8. Bd3 Bg7 9. h3 0-0 10. Nf3 Re8 11. 0-0 Nbd7 12. Re1 Qc7 13. Bc4 Nb6 14. Bf1 Bd7 15. Bf4 Nh5 16. Bh2 Be5 17. Nxe5 dxe5 18. Rc1 Qd6 19. Qb3 Rab8 20. a5 Nc8 21. Nd1 Na7 22. Ne3 Bb5 23. Nc4 Bxc4 24. Bxc4 Nf6 25. Qe3 Nd7 26. Be2 b6 27. f4 f6 28. fxe5 fxe5 29. Bg4 bxa5 30. Be6+ Rxe6 31. dxe6 Qxe6 32. Re2 Nc6 33. Rf2 Rf8 34. Rxf8+ Kxf8 35. Bg3 Kg7 36. Be1 a4 37. Bd2 Qd6 38. Kh2 Qd4 39. Qe2 Qd6 40. Be3 Nd4 41. Qc4 Qb6 42. Qxa4 Nf6 43. Bg5 Ne6 44. Bxf6+ Kxf6 45. Qe8 Nf4 46. Qf8+ Kg5 47. Qe7+ Kh6 48. Qf8+ Kh5 49. Rxc5 g5 50. Qf7+ Kh6 51. Rc7 Qg6 52. Qxg6+ hxg6 53. Rc3 g4 54. hxg4 Kg5 55. Ra3 Ne6 56. Rxa6 Nc5 57. Ra5 Nb3 58. Kg3 1-0

[Event "Wch U20"]
[Site "Halle"]
[Date "1995.??.??"]
[Round "11"]
[White "Tzoumbas, Anastasios"]
[Black "Kurniawan, Bobby"]
[Result "1/2-1/2"]
[WhiteElo "2360"]
[BlackElo "2330"]
[PlyCount "57"]
[EventDate "1995.09.??"]
[EventType "swiss"]
[EventRounds "13"]
[EventCountry "GER"]
[SourceTitle "CBM 048 Extra"]
[Source "ChessBase"]
[SourceDate "1995.11.01"]
[SourceVersion "1"]
[SourceVersionDate "1995.11.01"]
[SourceQuality "1"]

1. e4 e5 2. Nf3 Nc6 3. Bb5 a6 4. Ba4 Nf6 5. 0-0 b5 6. Bb3 Bb7 7. Re1 Bc5 8. c3 d6 9. d4 Bb6 10. a4 0-0 11. Bg5 h6 12. Be3 exd4 13. cxd4 Na5 14. d5 Bxe3 15. Rxe3 Nxb3 16. Qxb3 c6 17. dxc6 Bxc6 18. Nc3 Re8 19. axb5 axb5 20. Rd1 Nxe4 21. Nxe4 Rxe4 22. Red3 Qe8 23. h3 b4 24. Rd4 Rxd4 25. Rxd4 Ra1+ 26. Kh2 Bxf3 27. Qxf3 b3 28. Rb4 Qe5+ 29. g3 1/2-1/2

[Event "Wch U20"]
[Site "Halle"]
[Date "1995.??.??"]
[Round "5"]
[White "Wallace, John Paul"]
[Black "Kurniawan, Bobby"]
[Result "1-0"]
[WhiteElo "2405"]
[BlackElo "2330"]
[PlyCount "75"]
[EventDate "1995.09.??"]
[EventType "swiss"]
[EventRounds "13"]
[EventCountry "GER"]
[SourceTitle "CBM 048 Extra"]
[Source "ChessBase"]
[SourceDate "1995.11.01"]
[SourceVersion "1"]
[SourceVersionDate "1995.11.01"]
[SourceQuality "1"]

1. e4 c5 2. Nf3 d6 3. d4 cxd4 4. Nxd4 Nf6 5. Nc3 g6 6. Be3 Bg7 7. f3 Nc6 8. Qd2 0-0 9. Bc4 Bd7 10. 0-0-0 Ne5 11. Bb3 Qa5 12. Kb1 Rfc8 13. h4 Nc4 14. Bxc4 Rxc4 15. Nb3 Qe5 16. Bd4 Qe6 17. Rhe1 a5 18. e5 dxe5 19. Rxe5 Qd6 20. Rxa5 Rac8 21. Bxf6 Qxf6 22. Qxd7 h5 23. Nd2 R4c7 24. Nde4 Qxh4 25. Qd2 Rc4 26. Rd5 f5 27. Rd8+ Rxd8 28. Qxd8+ Kh7 29. g3 Qh2 30. Ng5+ Kh6 31. Nf7+ Kh7 32. Ng5+ Kh6 33. f4 Qxg3 34. Nf7+ Kh7 35. Ng5+ Kh6 36. Nf7+ Kh7 37. Ng5+ Kh6 38. Qg8 1-0

[Event "SUI-ch op"]
[Site "Luzern"]
[Date "1994.07.15"]
[Round "2"]
[White "Savchenko, Stanislav"]
[Black "Kurniawan, Bobby"]
[Result "1-0"]
[WhiteElo "2570"]
[BlackElo "2295"]
[PlyCount "103"]
[EventDate "1994.07.14"]
[EventType "swiss"]
[EventRounds "9"]
[EventCountry "SUI"]
[SourceTitle "EXT 1999"]
[Source "ChessBase"]
[SourceDate "1998.11.16"]
[SourceVersion "1"]
[SourceVersionDate "1998.11.16"]
[SourceQuality "1"]

1. d4 Nf6 2. c4 c5 3. d5 e6 4. Nc3 exd5 5. cxd5 d6 6. e4 g6 7. f4 Bg7 8. Bb5+ Nfd7 9. Be2 a6 10. a4 0-0 11. Nf3 Re8 12. 0-0 Bxc3 13. bxc3 Nf6 14. e5 dxe5 15. fxe5 Nxd5 16. Bg5 Qd7 17. Qc1 Qc6 18. c4 Nc7 19. Rd1 Nd7 20. Rd6 Qe4 21. Bd3 Qg4 22. h3 Qh5 23. Be2 h6 24. Bf4 g5 25. Bg3 Ne6 26. Qd2 Qg6 27. Rf1 Ndf8 28. Nh2 Re7 29. Ng4 Qg7 30. Nf6+ Kh8 31. Bh5 b5 32. axb5 axb5 33. cxb5 Bb7 34. Nd5 Bxd5 35. Qxd5 Ra3 36. Bf3 h5 37. b6 Re8 38. b7 Ng6 39. Rb6 Qg8 40. Qd6 Rb8 41. Bh2 g4 42. hxg4 hxg4 43. Bxg4 Nh4 44. Rb2 Ra4 45. Bxe6 fxe6 46. Rbf2 Nf5 47. Rxf5 exf5 48. e6 Rxb7 49. e7 Qe8 50. Qh6+ Kg8 51. Qg5+ Kh8 52. Be5+ 1-0

[Event "Biel MTO op"]
[Site "Biel"]
[Date "1994.??.??"]
[Round "1"]
[White "Kurniawan, Bobby"]
[Black "Savchenko, Stanislav"]
[Result "0-1"]
[WhiteElo "2295"]
[BlackElo "2570"]
[PlyCount "64"]
[EventDate "1994.07.??"]
[EventType "swiss"]
[EventRounds "11"]
[EventCountry "SUI"]
[SourceTitle "TD"]
[Source "ChessBase"]
[SourceDate "1994.03.01"]
[SourceVersion "1"]
[SourceVersionDate "1994.03.01"]
[SourceQuality "1"]

1. e4 e6 2. d4 d5 3. Nd2 c5 4. Ngf3 cxd4 5. Nxd4 Nf6 6. exd5 Nxd5 7. N2f3 a6 8. c3 Qc7 9. Bd3 Nf4 10. Bxf4 Qxf4 11. 0-0 Be7 12. Re1 0-0 13. Ne5 Nd7 14. g3 Qf6 15. Ng4 Qg5 16. h4 Qc5 17. Qc2 h5 18. b4 Qc7 19. Rxe6 Nc5 20. Bh7+ Kh8 21. Rxe7 Qxe7 22. Ne3 Ne6 23. Ndf5 Qf6 24. Nd5 Qe5 25. Nfe3 g6 26. Bxg6 fxg6 27. Ne7 Nf4 28. N3d5 Ne2+ 29. Kg2 Bf5 30. Qd2 Kg7 31. f4 Qe4+ 32. Kf2 Bg4 0-1